Biggest Cities of the Kingdom of Bohemia on a Map - Statistics

General Stats
  • This quiz has been taken 287 times
  • The average score is 8 of 20
Answers on the Map
Answers color-coded by a green-red scale on the quiz's map according to % correct below.
 
Answer Stats
Population City % Correct
60k Prague
99%
9k Brno
81%
30k Vratislav (Wrocław)
80%
10k Plzen
71%
11k Olomouc
47%
5k Cheb
40%
8k Lehnice (Legnica)
35%
10k Zhořelec (Görlitz)
35%
12k Hlohov (Glogów)
34%
7k Jihlava
29%
11k Kutná Hora
28%
7k Kladsko (Kłodzko)
26%
15k Zelená Hora (Zielona Góra)
26%
5k Budyšín (Bautzen)
25%
6k Žitava (Zittau)
21%
5k Břeh (Brzeg)
20%
7k Nisa (Nysa)
19%
6k Svídnice (Swidnica)
19%
5k Javor (Jawor)
13%
6k Lubáň (Lubań)
9%
No matching quizzes found
Score Distribution
Percent of People with Each Score
Percentile by Number Answered
Your Score History
You have not taken this quiz